Hóa miễn dịch học và sinh tổng hợp kháng thể
v..v
Đã lưu trong:
| Tác giả chính: | |
|---|---|
| Định dạng: | Sách |
| Năm xuất bản: |
H.
Khoa học và kỹ thuật
1977
|
| Chủ đề: | |
| Tags: |
Thêm thẻ
Không có thẻ, Hãy là người đầu tiên gắn thẻ bản ghi này!
|
| LEADER | 00872nam a2200169 4500 | ||
|---|---|---|---|
| 082 | |a 572 |b H111R | ||
| 100 | |a Haurowitz, Felix | ||
| 245 | |a Hóa miễn dịch học và sinh tổng hợp kháng thể |c Felix Haurowitz ; Phan Thu Anh dịch,...; Nguyễn Ngọc Lanh hiệu đính | ||
| 260 | |a H. |b Khoa học và kỹ thuật |c 1977 | ||
| 300 | |a 475 tr |c 19 cm | ||
| 520 | |a v..v | ||
| 653 | |a Hóa sinh học | ||
| 942 | |2 ddc |c STK0 | ||
| 999 | |c 7445 |d 7445 | ||
| 952 | |0 0 |1 0 |2 ddc |4 0 |6 572_000000000000000_H111R |7 0 |8 500 |9 67772 |a qbu |b qbu |c D3 |d 2015-02-10 |o 572 H111R |p 7159.c1 |r 0000-00-00 |w 2015-02-10 |y STK0 | ||
| 952 | |0 0 |1 0 |2 ddc |4 0 |6 572_000000000000000_H111R |7 0 |8 500 |9 67773 |a qbu |b qbu |c D3 |d 2015-02-10 |o 572 H111R |p 7159.c2 |r 0000-00-00 |w 2015-02-10 |y STK0 | ||
| 952 | |0 0 |1 0 |2 ddc |4 0 |6 572_000000000000000_H111R |7 0 |8 500 |9 67774 |a qbu |b qbu |c D3 |d 2015-02-10 |o 572 H111R |p 7159.c3 |r 0000-00-00 |w 2015-02-10 |y STK0 | ||